Leading Digital / (Record no. 167884)

MARC details
000 -LEADER
fixed length control field 00532nam a22001817a 4500
005 - DATE AND TIME OF LATEST TRANSACTION
control field 20190923110540.0
010 ## - LCCN (DPL NO)
LC control number ENG-126506
020 ## - INTERNATIONAL STANDARD BOOK NUMBER
Terms of availability 775.00
International Standard Book Number 9788192557551
035 ## - SYSTEM CONTROL NUMBER
System control number EN-110038
037 ## - SOURCE OF ACQUISITION
Source of stock number/acquisition DBAD/PUB
082 ## - DEWEY DECIMAL CLASSIFICATION NUMBER
Classification number 658.403
100 ## - MAIN ENTRY--PERSONAL NAME
Personal name Kanojia, Neha
245 ## - TITLE STATEMENT
Title Leading Digital /
Statement of responsibility, etc Neha Kanojia
260 ## - PUBLICATION, DISTRIBUTION, ETC. (IMPRINT)
Place of publication, distribution, etc New Delhi
Name of publisher, distributor, etc Aryan Prakashan
Date of publication, distribution, etc 2018
270 ## - ADDRESS
City New Delhi
Address 3rd Floor, H-1 /48, Bengali colony mahaveer Enclave
Postal code 110045
300 ## - PHYSICAL DESCRIPTION
Extent v200p
Dimensions 20cm(pbk)
942 ## - ADDED ENTRY ELEMENTS (KOHA)
Source of classification or shelving scheme Dewey Decimal Classification
Item type English Books
Classification part 658.403
Call number suffix KAN
Holdings
Withdrawn status Lost status Not for loan Collection code Home library Current library Date acquired Source of acquisition Cost, normal purchase price Full call number Barcode Copy number Cost, replacement price Koha item type
      Non-fiction Shahdara Branch Shahdara Branch 23/09/2019 DBAD/PUB 775.00 658.403 KAN EN-110038 1 775.00 English Books

© Delhi Public Library
Hit Counter
free hit counter